5HLuxD.jpg

KING HENRY VIII SENIOR AND PRIMARY SCHOOL LIBRARY OPAC

The Simpsons and their mathematical secrets / (Record no. 290)

000 -LEADER
fixed length control field 01056nam a2200337 i 4500
001 - CONTROL NUMBER
control field 019770319
003 - CONTROL NUMBER IDENTIFIER
control field UkOxU
005 - DATE AND TIME OF LATEST TRANSACTION
control field 20190805113218.0
008 - FIXED-LENGTH DATA ELEMENTS--GENERAL INFORMATION
fixed length control field 140611r20142013enka 001 0 eng d
015 ## - NATIONAL BIBLIOGRAPHY NUMBER
National bibliography number GBB480777
Source bnb
020 ## - INTERNATIONAL STANDARD BOOK NUMBER
International Standard Book Number 9781408842812 (pbk.)
035 ## - SYSTEM CONTROL NUMBER
System control number (Uk)016814532
040 ## - CATALOGING SOURCE
Original cataloging agency StDuBDS
Language of cataloging eng
Transcribing agency StDuBDS
Description conventions rda
Modifying agency UkOxU
082 04 - DEWEY DECIMAL CLASSIFICATION NUMBER
Classification number 791.45 SIN
Edition number 23
100 1# - MAIN ENTRY--PERSONAL NAME
Personal name Singh, Simon,
Relator term author.
245 14 - TITLE STATEMENT
Title The Simpsons and their mathematical secrets /
Statement of responsibility, etc. Simon Singh.
264 #1 - PRODUCTION, PUBLICATION, DISTRIBUTION, MANUFACTURE, AND COPYRIGHT NOTICE
Place of production, publication, distribution, manufacture London :
Name of producer, publisher, distributor, manufacturer Bloomsbury,
Date of production, publication, distribution, manufacture, or copyright notice 2014.
264 #4 - PRODUCTION, PUBLICATION, DISTRIBUTION, MANUFACTURE, AND COPYRIGHT NOTICE
Date of production, publication, distribution, manufacture, or copyright notice © 2013
300 ## - PHYSICAL DESCRIPTION
Extent x, 255 pages :
Other physical details illustrations (black and white) ;
Dimensions 20 cm
336 ## - CONTENT TYPE
Content type term text
Source rdacontent
336 ## - CONTENT TYPE
Content type term still image
Source rdacontent
337 ## - MEDIA TYPE
Media type term unmediated
Source rdamedia
338 ## - CARRIER TYPE
Carrier type term volume
Source rdacarrier
500 ## - GENERAL NOTE
General note Originally published: 2013.
504 ## - BIBLIOGRAPHY, ETC. NOTE
Bibliography, etc. note Includes bibliographical references and index.
630 00 - SUBJECT ADDED ENTRY--UNIFORM TITLE
Uniform title Simpsons (Television program)
650 #0 - SUBJECT ADDED ENTRY--TOPICAL TERM
Topical term or geographic name entry element Mathematics in mass media.
650 #0 - SUBJECT ADDED ENTRY--TOPICAL TERM
Topical term or geographic name entry element Mathematics
General subdivision Humor.
942 ## - ADDED ENTRY ELEMENTS (KOHA)
Source of classification or shelving scheme
Koha item type Books - Non Ficton
Holdings
Withdrawn status Lost status Source of classification or shelving scheme Damaged status Not for loan Collection code Permanent Location Current Location Shelving location Date acquired Full call number Barcode Date last seen Price effective from Koha item type
          Non-Fiction KH8 Senior School Library KH8 Senior School Library Non Fiction 2019-08-05 791.45 SIN 3KHSL000100287 2019-08-05 2019-08-05 Books - Non Ficton
          Teaching Resources KH8 Senior School Library KH8 Senior School Library Staff Office 2023-10-02 791.45 SIN TRKHSL003916 2023-10-02 2023-10-02 Teaching Resources

Powered By KH8 IT Dept